000 00443nam a2200181Ia 4500
001 13694
005 20260306164820.0
008 260306t1990||||xx |||||||||||||| ||spa||
041 _aESP
082 _aS 005.131
_bO59
100 _aCheu, Dwight
_eAUT
245 0 _aSQL language reference manual:
_bversión 6.0
260 _c1990
300 _axiv, 147 páginas :
_c23 cm.
650 _aGEN
654 _aCCC
942 _cLIB
_dJUS
_fJUS
_2ddc
_n
999 _c13694
_d13694